[Event "10th LCC FIDE Open 2018"]
[Site "London"]
[Date "2018.12.13"]
[Round "5"]
[White "Thatte, Nishchal"]
[Black "Bukojemski, Adam"]
[Result "1/2-1/2"]
[WhiteElo "1649"]
[BlackElo "2218"]
[Annotator "TA"]
[PlyCount "88"]
[EventDate "2018.12.09"]
[EventType "swiss"]
[EventCountry "ENG"]
[SourceTitle "playchess.com"]
[Source "ChessBase"]
[SourceQuality "1"]

{[%evp 18,88,29,22,62,25,87,41,37,41,56,59,58,18,100,75,93,68,75,10,9,0,0,0,-4,-6,0,0,0,0,0,-27,-39,-27,-19,-9,0,-7,-11,-58,-46,-49,-20,-20,-21,-20,-22,-39,-14,-98,-10,-41,-10,-10,0,0,0,0,0,-2,-2,-2,-2,-2,0,-8,-9,-46,-10,-12,0,0,0]} 1. e4 {[%cal Be2e4,Be4e5][%mdl 32]} Nf6 2. e5 Nd5 3. d4 d6 4. c4 Nb6 5. exd6 cxd6 6. Nc3 g6 7. h3 Bg7 8. Nf3 Nc6 9. Be2 O-O 10. O-O {LiveBook: 183 Games} Bd7 {B04: Alekhine's Defence: 4 Nf3} (10... Bf5 11. Be3 d5 12. b3 dxc4 13. bxc4 Na5 14. c5 Nbc4 15. Bf4 b6 16. Bxc4 Nxc4 17. Qe2 bxc5 18. Qxc4 cxd4 19. Ne2 Rc8 {1-0 (47) Kobalia,M (2672)-Savchenko,B (2616) Aix les Bains 2011}) 11. b3 $146 ({Predecessor:} 11. Be3 d5 12. cxd5 Nxd5 13. Bc4 Be6 14. Bxd5 Bxd5 15. Nxd5 Qxd5 16. Qb3 Qxb3 17. axb3 Rfd8 18. Rfd1 {0-1 (42) Chetty,C (1576)-Bouah,L (2124) Cape Town 2015}) 11... a5 (11... e5 $11 {keeps the balance.} 12. Bg5 f6) 12. Bb2 a4 {White is slightly better.} 13. Nb5 ({Reject} 13. bxa4 Na5 $17) 13... Bf5 14. Qd2 d5 15. c5 Nc8 (15... Nd7 $11 {remains equal.}) 16. Rfd1 h6 17. Ne5 N8a7 18. bxa4 (18. Nxa7 $16 Rxa7 19. b4) 18... Nxe5 $11 19. dxe5 Nc6 20. Qxd5 (20. Nd4 {is interesting.} Bd7 21. f4 Rxa4 22. Nf3 e6 23. Bb5) 20... Qxd5 21. Rxd5 Rxa4 22. a3 Be6 23. Rd2 Nxe5 24. Rc1 h5 {Strongly threatening ...Bh6.} 25. Rcd1 Bb3 26. Rb1 {[#] Hoping for Bxe5.} Bc4 27. Bxe5 Bxe5 28. Bxc4 Rxc4 29. Rd7 Rc8 30. Rxe7 R8xc5 {[#] ( -> ...Rc1+)} 31. g3 h4 32. g4 b6 33. Rb7 (33. Re1 $11 Bb2 34. Nd6) 33... Rc6 (33... Rf4 $17 {Threatening ...Rc2.} 34. a4 Rc2) 34. Na7 Rc1+ 35. Kg2 Rxb1 (35... R6c3 {seems wilder.} 36. Rxc1 Rxc1 37. Nb5 Rc2 38. Kf3 Rb2) 36. Nxc6 {[%mdl 4096] Endgame KRB-KRN} Bd6 37. a4 Ra1 38. Rxb6 Rxa4 39. Rb2 Rc4 40. Na5 Rc7 41. Kf3 Kg7 42. Ke4 Ba3 43. Rb3 Re7+ 44. Kf3 Bc5 {Accuracy: White = 34%, Black = 34%.} 1/2-1/2

[Event "10th LCC FIDE Open 2018"]
[Site "London"]
[Date "2018.12.14"]
[Round "6"]
[White "Melkumyan, Hrant"]
[Black "Piesik, Piotr"]
[Result "1/2-1/2"]
[WhiteElo "2670"]
[BlackElo "2404"]
[Annotator "TA"]
[PlyCount "123"]
[EventDate "2018.12.09"]
[EventType "swiss"]
[EventCountry "ENG"]
[SourceTitle "playchess.com"]
[Source "ChessBase"]
[SourceQuality "1"]

{[%evp 21,123,11,31,0,-8,-12,0,14,67,7,15,18,26,-42,62,-54,-41,-48,0,-9,46,38,40,0,0,0,0,0,9,6,14,7,6,13,14,14,14,11,0,0,36,0,43,36,56,0,16,29,29,29,44,38,79,46,46,18,18,22,69,45,48,45,44,45,45,45,38,30,38,0,0,0,0,0,0,-22,-22,-22,-22,-22,0,-35,0,-28,0,0,0,0,0,0,0,-33,0,0,0,0,0,0,0,0,0,0,0,0]} 1. Nf3 Nf6 2. c4 e6 3. g3 b6 4. Bg2 Bb7 5. O-O c5 6. Nc3 Be7 7. Re1 d5 8. cxd5 exd5 9. d4 Nbd7 {[%cal Bb8d7,Bd7f6,Bf6e4][%mdl 32]} 10. Bf4 O-O 11. Rc1 {E17: Queen's Indian: 4 g3 Bb7 5 Bg2 Be7} Ne4 {LiveBook: 52 Games} 12. Qb3 $146 ({Predecessor:} 12. Nxe4 dxe4 13. Nd2 f5 14. Nc4 Nf6 15. dxc5 Bxc5 16. a3 Qxd1 17. Rexd1 Rfc8 18. e3 Kf7 {½-½ (36) Korobov,A (2668)-Anton Guijarro,D (2654) Kocaeli 2017}) 12... c4 13. Qc2 Ndf6 14. Ne5 Nd6 (14... Nxc3 $11 15. bxc3 Qc8) 15. Bg5 ({White should try} 15. b3 $14) 15... Nfe4 $1 $11 16. Bxe7 Qxe7 17. e3 (17. Nxe4 $11 dxe4 18. b3 (18. Nxc4 $2 Rfc8 $19)) 17... f6 (17... b5 $15) 18. Nf3 ({Better is} 18. Nxe4 $14 dxe4 19. Nxc4) 18... b5 $15 19. Nd2 Rac8 20. a3 Rc7 (20... f5 $11) 21. Ndxe4 $14 dxe4 22. b4 f5 23. a4 a6 24. Ra1 Bc6 25. axb5 axb5 26. Ra6 Ra8 27. Rxa8+ Bxa8 28. Ra1 Bc6 29. Ra6 Rc8 30. Qa2 Ne8 31. Bh3 g6 32. Qa5 Qc7 33. Qa1 (33. Qxc7 $14 Rxc7 34. g4) 33... Nd6 34. Bf1 Bb7 35. Ra5 Qc6 36. h4 h5 37. Be2 (37. d5 $5 {[%cal Rd5c6]} Qd7 38. Qd1 $11) 37... Kh7 38. Kf1 Qe8 39. Ra7 Ra8 40. Qa5 Rxa7 41. Qxa7 Qc6 42. Qc5 Qd7 43. Qe5 Bc6 44. Bd1 Nc8 45. Qf6 Nb6 46. f3 Nd5 47. Nxd5 Bxd5 48. fxe4 Bxe4 {[#] aiming for ...c3.} 49. Qe5 Qb7 50. Ke1 Qd7 51. Qc5 Qb7 52. Kd2 Qa6 53. Qe7+ Kg8 54. Qe8+ Kg7 {White must now prevent ...c3+!} 55. Qe5+ Kg8 56. d5 Qa3 {Black wants to play ...Qd3+.} 57. Qe6+ {The position is equal.} Kg7 {[#] ...Qd3+ is the strong threat.} 58. Qe7+ Kg8 59. Qd8+ Kg7 {Strongly threatening ...Qd3+.} 60. Qc7+ Kg8 {Hoping for ...Qd3+.} 61. Qd8+ Kg7 {Threatens to win with ...Qd3+.} 62. Qe7+ {Accuracy: White = 50%, Black = 43%.} 1/2-1/2

[Event "10th LCC FIDE Open 2018"]
[Site "London"]
[Date "2018.12.14"]
[Round "6"]
[White "Bogner, Sebastian"]
[Black "Ogunshola, Olugbemiga (Ben)"]
[Result "1-0"]
[WhiteElo "2610"]
[BlackElo "2172"]
[Annotator "TA"]
[PlyCount "100"]
[EventDate "2018.12.09"]
[EventType "swiss"]
[EventCountry "ENG"]
[SourceTitle "playchess.com"]
[Source "ChessBase"]
[SourceQuality "1"]

{[%evp 22,100,64,66,67,68,54,57,107,108,108,119,111,69,83,85,143,141,132,133,144,184,200,121,127,129,159,151,148,149,176,176,174,174,170,168,179,179,185,183,184,195,259,259,454,452,658,657,790,859,754,457,518,522,1113,1112,880,572,609,603,763,759,894,895,1623,1557,29984,29985,29985,29986,29986,29986,29986,29987,29987,29978,29990,29991,29991,29992,29992]} 1. e4 d6 2. d4 Nf6 3. Nc3 g6 4. f4 Bg7 5. Nf3 O-O 6. e5 dxe5 7. fxe5 Nd5 8. Bc4 Nb6 9. Bb3 {B09: Pirc Defence: Austrian Attack} Nc6 10. a4 (10. O-O Na5 11. h3 Nxb3 12. axb3 f6 13. Qe2 c6 14. Ne4 fxe5 15. dxe5 Nd5 16. c4 Nf4 17. Bxf4 Rxf4 {½-½ (37) Artemiev,V (2674)-Petrosian,T (2607) Moscow 2016}) 10... Bg4 11. a5 Bxf3 12. gxf3 {LiveBook: 5 Games} Nc8 $1 13. Ne2 e6 {Threatening ...Qh4+.} 14. h4 {[%cal Bh2h4,Bh4h5][%mdl 32]} N8e7 15. h5 Nf5 {[%cal Rc6d4] [#]} 16. c3 $1 Qe7 $146 ({Predecessor:} 16... Re8 17. hxg6 hxg6 {1-0 (30) Hirneise,T (2431)-Nagy,E (2261) Budapest 2011}) 17. Qd3 Rfd8 $1 18. f4 a6 (18... Qd7 $142) 19. hxg6 hxg6 20. Qf3 Rab8 21. Bc2 Qd7 22. Be4 (22. Bxf5 $6 exf5 23. Kf2 (23. Qh3 Qd5 $16) 23... Qd5 $16) 22... Nce7 23. b4 (23. Bxb7 $6 c5 $11) 23... Qb5 24. Bd2 (24. Qh3 $6 Kf8 $16) 24... Nd5 25. Kf2 (25. Bxf5 $6 exf5 26. Kf2 (26. Qh3 Kf8 $14) 26... b6 $14) 25... b6 26. Bd3 Qc6 27. axb6 (27. Bxf5 $6 exf5 28. axb6 (28. Qh3 Qc4 $11) 28... cxb6 $16) 27... Rxb6 28. Ra5 Qb7 29. Be4 {c4 is the strong threat.} c6 30. Nc1 Rb5 {White should prevent ...Rxa5.} 31. Ra2 (31. Rxb5 axb5 32. Nb3 (32. Qh3 Ra8 $11) (32. Bxf5 exf5 33. Nb3 Ra8 $11) 32... Ra8 $11) 31... a5 (31... Rb6 {was worth a try.} 32. Nd3 (32. Qh3 Kf8 $18) (32. Bxf5 exf5 33. Nd3 Qe7 $18) 32... Qe7) 32. Nb3 $18 ({Don't do} 32. bxa5 $6 Rb2 $16) 32... axb4 $2 (32... Rb6 {might work better.} 33. Rxa5 Qe7) 33. c4 $1 {[%csl LRb5,LRd5][%mdl 64] [#] Double Attack} Rb6 (33... Nxd4 $142 34. Nxd4 Qb6) 34. cxd5 cxd5 35. Bxf5 exf5 36. Rha1 {[%cal Bh1a1,Ba1c1,Bc1c7][%mdl 32]} Qc6 37. Ra7 Qc2 38. Rc1 Qe4 39. Rcc7 Rf8 40. Qxe4 dxe4 41. d5 g5 42. e6 {[%cal Be5e6,Be6f7][%mdl 32]} gxf4 43. Bxf4 Bf6 44. Rxf7 {White mates.} Rxf7 45. exf7+ Kf8 46. Bh6+ Bg7 47. Bxg7+ Kxg7 48. Nd4 f4 49. Ne6+ Rxe6 50. dxe6 e3+ {Accuracy: White = 89%, Black = 35%.} 1-0

[Event "10th LCC FIDE Open 2018"]
[Site "London"]
[Date "2018.12.14"]
[Round "6"]
[White "Cornette, Matthieu"]
[Black "Hebden, Mark L"]
[Result "1/2-1/2"]
[WhiteElo "2597"]
[BlackElo "2425"]
[Annotator "TA"]
[PlyCount "35"]
[EventDate "2018.12.09"]
[EventType "swiss"]
[EventCountry "ENG"]
[SourceTitle "playchess.com"]
[Source "ChessBase"]
[SourceQuality "1"]

{[%evp 20,35,39,28,77,54,46,14,52,37,40,35,54,0,0,2,6,-11]} 1. d4 Nf6 2. c4 g6 3. g3 Bg7 4. Bg2 O-O 5. Nc3 d6 6. Nf3 Nbd7 7. O-O e5 8. e4 c6 9. Be3 exd4 {E68: King's Indian: Fianchetto: 6...Nbd7 7 0-0 e5 8 e4} 10. Nxd4 Re8 11. b3 {LiveBook: 8 Games} h5 $146 {White has an edge.} ({Predecessor:} 11... Nc5 12. f3 Qe7 13. Re1 a5 14. Qc2 Be6 15. Rad1 a4 16. b4 Ncd7 17. Nxe6 Qxe6 18. Nxa4 {0-1 (59) Kramnik,V (2803)-Nakamura,H (2784) Moscow 2013}) 12. Qd2 h4 13. f3 hxg3 (13... d5 $5) 14. hxg3 d5 15. exd5 cxd5 16. cxd5 ({White should try} 16. Rad1 $1 $14) 16... Nb6 $11 {Strongly threatening ...Rxe3.} 17. Bf2 Nbxd5 18. Nxd5 1/2-1/2

[Event "10th LCC FIDE Open 2018"]
[Site "London"]
[Date "2018.12.14"]
[Round "6"]
[White "Hawkins, Jonathan"]
[Black "Sowray, Peter J"]
[Result "1-0"]
[WhiteElo "2583"]
[BlackElo "2342"]
[Annotator "TA"]
[PlyCount "85"]
[EventDate "2018.12.09"]
[EventType "swiss"]
[EventCountry "ENG"]
[SourceTitle "playchess.com"]
[Source "ChessBase"]
[SourceQuality "1"]

{[%evp 28,85,0,0,0,0,0,0,22,0,0,0,0,-34,0,-29,106,108,109,101,116,116,135,128,127,135,130,136,127,137,193,175,281,277,296,310,303,294,353,333,327,322,354,353,354,343,355,358,328,293,412,400,395,396,408,412,412,417,452,384]} 1. d4 d5 2. c4 e6 3. Nf3 Nf6 4. g3 Bb4+ 5. Nbd2 O-O 6. Bg2 b6 7. O-O Bb7 8. Ne5 Be7 9. b3 Nbd7 10. Bb2 c5 11. cxd5 exd5 12. dxc5 {E07: Closed Catalan: Main Line (5 Nf3 0-0 6 0-0 Nbd7)} bxc5 13. Nxd7 Qxd7 14. e4 d4 15. Re1 {LiveBook: 3 Games} Rfe8 16. Nc4 Bf8 {[%cal Rb7e4] [#]} 17. f3 $146 ({Predecessor:} 17. Qd3 Qe6 18. Rad1 a5 19. a4 Nd7 20. Qd2 Ne5 21. Nxa5 Bc8 22. f4 Qb6 {½-½ (22) Krzyzanowski,W (2513)-Kukk,R (2507) ICCF corr 2002}) 17... Rad8 18. Rc1 Qe6 19. Qd2 Nd7 20. Qa5 Nb6 21. Nd2 Rd7 (21... h5 $11 {keeps the balance.}) 22. Ba3 $16 Rc8 23. Bxc5 Rdc7 {[%cal Rf8c5]} 24. Ba3 {[%cal Bc5a3,Ba3c1,Bc1b2,Bb2d4][%mdl 32]} Rxc1 25. Rxc1 Rxc1+ 26. Bxc1 Qh6 {[#] White must now prevent ...Qe3+.} 27. f4 ({Don't play} 27. Qxa7 $6 Qe3+ 28. Kh1 Qe1+ 29. Nf1 Qxc1 $14) 27... Qc6 28. Bb2 Qc2 (28... d3 $16) 29. Bxd4 $18 Qd1+ {[#]} (29... Nd7 {might work better.} 30. Be3 (30. Bxa7 Nc5 $18) 30... Nf6) 30. Kf2 $1 Ba6 31. Bf3 Qc2 32. a4 Bd3 33. Qc3 Bc5 {( -> ...Qxc3)} 34. Ke1 Nd7 35. Bd1 ({Less strong is} 35. Bxg7 f6 $18) 35... Qxc3 36. Bxc3 Nf6 37. Bf3 h5 38. h3 Be3 (38... h4 $142 39. e5 Nd7) 39. e5 Nd7 40. Bxh5 g5 41. fxg5 Bxg5 42. Be2 Bc2 43. Bd1 {Accuracy: White = 76%, Black = 53%.} 1-0

[Event "10th LCC FIDE Open 2018"]
[Site "London"]
[Date "2018.12.14"]
[Round "6"]
[White "Yuffa, Daniil"]
[Black "Megalios, Konstantinos"]
[Result "1-0"]
[WhiteElo "2572"]
[BlackElo "2365"]
[Annotator "TA"]
[PlyCount "65"]
[EventDate "2018.12.09"]
[EventType "swiss"]
[EventCountry "ENG"]
[SourceTitle "playchess.com"]
[Source "ChessBase"]
[SourceQuality "1"]

{[%evp 10,65,36,15,30,30,33,22,32,18,31,12,7,18,31,27,25,17,11,12,101,109,136,48,46,33,35,39,74,90,89,48,37,38,54,56,26,53,31,46,57,45,71,83,684,684,684,680,684,683,672,655,673,656,651,652,29985,29986]} 1. d4 Nf6 2. c4 e6 3. g3 Bb4+ 4. Bd2 a5 5. Bg2 d6 6. e3 {LiveBook: 16 Games. E00: Catalan Bogo-Indian (3 g3 Bb4+)} Bxd2+ $146 ({Predecessor:} 6... e5 7. Ne2 O-O 8. O-O Bxd2 9. Qxd2 Re8 10. Nbc3 Nbd7 11. h3 exd4 12. Nxd4 Nc5 13. Qc2 c6 14. Rfd1 g6 {½-½ (22) Wen,Y (2581)-Wang,Y (2717) China 2014}) 7. Qxd2 O-O 8. Nc3 {White is slightly better.} c6 9. Nge2 b6 10. e4 Ba6 11. b3 e5 12. a4 Nbd7 13. f4 Rb8 14. O-O b5 (14... Re8 $11) 15. axb5 cxb5 16. b4 ({Don't play} 16. cxb5 $6 Bxb5 17. fxe5 (17. Nxb5 Rxb5 18. h3 Qb6 $15) 17... dxe5 $11) ({White should play} 16. dxe5 $16 dxe5 17. fxe5 (17. cxb5 Bxb5 18. fxe5 Nxe5 $11) 17... Qb6+ 18. Qd4 Nxe5 19. Qxb6 (19. Nxb5 Bxb5 20. cxb5 Qxb5 $11 {[%mdl 64] Double Attack}) 19... Rxb6 20. Rxa5 bxc4 21. Rxe5) 16... axb4 $14 17. Rxa6 bxc3 18. Nxc3 b4 19. Nb5 Qc8 20. Rxd6 Qxc4 21. fxe5 Qxb5 22. exf6 Nxf6 23. e5 Ne8 $1 {[%cal Re8d6]} 24. Rc6 $36 {[%mdl 2048] White fights for an advantage.} g6 25. Qf2 {Hoping for e6.} b3 {[#]} 26. e6 $1 {[%cal Re6f7]} b2 $2 {[%mdl 8192]} (26... f5 $16) 27. exf7+ $18 Kg7 28. Be4 b1=Q 29. fxe8=N+ (29. Bxb1 $2 {loses.} Qxc6 30. Qc2 Qxc2 $19) 29... Rbxe8 30. Rc7+ (30. Bxb1 $2 {perishes.} Rxf2 31. Rc7+ Kh6 $19) 30... Kg8 31. Rxb1 Qa5 32. Rc5 {[%mdl 64] [#] Overworked Piece} Qxc5 33. Qa2+ {Accuracy: White = 54%, Black = 44%.} 1-0

[Event "10th LCC FIDE Open 2018"]
[Site "London"]
[Date "2018.12.14"]
[Round "6"]
[White "Pert, Nicholas"]
[Black "Moussard, Jules"]
[Result "1/2-1/2"]
[WhiteElo "2546"]
[BlackElo "2591"]
[Annotator "TA"]
[PlyCount "51"]
[EventDate "2018.12.09"]
[EventType "swiss"]
[EventCountry "ENG"]
[SourceTitle "playchess.com"]
[Source "ChessBase"]
[SourceQuality "1"]

{[%evp 16,51,47,10,10,9,14,19,8,8,0,10,18,13,16,1,22,0,0,-7,0,-22,0,0,0,0,0,0,10,15,8,10,14,0,10,9,6,0]} 1. d4 Nf6 2. Nf3 g6 3. g3 Bg7 4. Bg2 O-O 5. O-O d6 6. Nc3 Nbd7 7. a4 c6 {A49: 1 d4 Nf6 2 Nf3 g6 3 g3: Anti-King's Indian systems} 8. e4 Qc7 (8... e5 9. Re1 Re8 10. h3 Qc7 11. a5 Rb8 12. b3 b5 13. axb6 axb6 14. Ba3 Bf8 15. d5 Bb7 16. dxc6 Bxc6 17. Nd2 b5 18. Bb4 Ra8 19. Qe2 Qb6 {1-0 (69) Zhao,J (2604)-Adhiban,B (2655) Riadh 2017}) 9. b3 {LiveBook: 4 Games} e5 {The position is equal.} 10. Ba3 exd4 $146 ({Predecessor:} 10... Rd8 11. Qd2 Nf8 12. h3 Ne6 13. d5 cxd5 14. exd5 {½-½ (35) Grischuk,A (2549)-Badea,B (2479) Porto San Giorgio 1999}) 11. Nxd4 Re8 12. Re1 Nc5 13. Qd2 Bd7 14. Rad1 Rad8 15. h3 Qc8 16. g4 h5 17. f3 hxg4 18. hxg4 Ne6 {[#] Strongly threatening ...Nxd4.} 19. Nce2 ({Don't play} 19. Bxd6 Nxd4 20. Qxd4 Nxe4 $17) 19... Nxd4 20. Nxd4 d5 {...dxe4 is the strong threat.} 21. e5 Nh7 22. Bd6 f6 23. exf6 Bxf6 24. Bg3 Rxe1+ 25. Rxe1 Re8 26. c3 {Accuracy: White = 60%, Black = 86%.} 1/2-1/2

[Event "10th LCC FIDE Open 2018"]
[Site "London"]
[Date "2018.12.14"]
[Round "6"]
[White "Turner, Matthew J"]
[Black "Taylor, Adam C"]
[Result "1/2-1/2"]
[WhiteElo "2533"]
[BlackElo "2331"]
[Annotator "TA"]
[PlyCount "90"]
[EventDate "2018.12.09"]
[EventType "swiss"]
[EventCountry "ENG"]
[SourceTitle "playchess.com"]
[Source "ChessBase"]
[SourceQuality "1"]

{[%evp 16,90,16,0,4,0,0,-1,12,-4,-9,0,14,0,45,25,20,29,51,53,103,51,53,55,54,46,52,52,56,22,32,0,0,0,0,0,0,19,11,8,25,0,0,0,0,0,0,0,0,0,0,0,0,0,10,0,0,0,0,0,0,0,0,0,0,0,0,0,0,0,0,0,0,0,0,0,0]} 1. e4 e5 2. Nf3 Nc6 3. Bb5 Nf6 4. d3 Bc5 5. Bxc6 dxc6 6. Nbd2 {C65: Ruy Lopez: Berlin Defence (3...Nf6), unusual lines and 4 0-0 Bc5} O-O 7. Nc4 Nd7 8. O-O Re8 9. a4 {LiveBook: 17 Games} a5 10. Re1 $146 ({Predecessor:} 10. b3 Bf8 11. Kh1 b6 12. g3 Ba6 13. Bb2 Bxc4 14. bxc4 {1-0 (35) Anand,V (2783)-Aronian,L (2813) Stavanger 2013}) 10... f6 11. c3 Nf8 12. Be3 Bxe3 13. Nxe3 Ng6 14. Qc2 c5 15. Rad1 (15. d4 $5) 15... Qe7 16. d4 Be6 17. d5 Bc8 18. Nd2 (18. Qb3 $16) 18... Nh8 $1 $14 19. Ndc4 Nf7 20. Qb3 Nd6 21. f3 Bd7 22. Nxd6 cxd6 23. Qxb7 Reb8 $1 {[%cal Rb8b7]} 24. Qc7 $1 Kf8 25. Nc4 {[#] Strongly threatening Nb6.} Bxa4 26. Qxe7+ Kxe7 27. Ra1 Bd7 $1 28. Nxa5 (28. Ra3 {is more complex.} a4 29. Rea1 Bb5 30. b3 Ra6 31. Nb2) 28... Rxb2 {The position is equal.} 29. Nc6+ (29. Nc4 {seems wilder.} Rba2 30. Rxa2 Rxa2 31. Rb1 Ra4 32. Nb6) 29... Bxc6 $1 30. dxc6 Rbb8 31. Rxa8 Rxa8 $11 {[%mdl 4096] Endgame KR-KR} 32. Rb1 {Black must now prevent Rb7+.} Rc8 33. Rb7+ Kf8 34. Rb6 Ke7 35. Kf2 c4 36. h4 h5 37. g4 g6 $1 38. Ke3 Ke6 39. gxh5 gxh5 40. f4 Rc7 41. f5+ Ke7 42. Ra6 Kd8 43. Ra8+ Rc8 44. Ra7 Rc7 45. Ra8+ Rc8 {Accuracy: White = 55%, Black = 79%.} 1/2-1/2

[Event "10th LCC FIDE Open 2018"]
[Site "London"]
[Date "2018.12.14"]
[Round "6"]
[White "Ghasi, Ameet K"]
[Black "Lewtak, Damian"]
[Result "1-0"]
[WhiteElo "2498"]
[BlackElo "2393"]
[Annotator "TA"]
[PlyCount "85"]
[EventDate "2018.12.09"]
[EventType "swiss"]
[EventCountry "ENG"]
[SourceTitle "playchess.com"]
[Source "ChessBase"]
[SourceQuality "1"]

{[%evp 24,85,-50,-55,-47,-46,-45,-78,-54,-76,0,-6,0,-34,-17,-20,0,0,0,-66,-77,-62,-18,-23,0,0,0,16,152,126,131,116,122,118,118,124,125,91,236,27,28,52,60,58,664,637,800,793,796,792,778,787,714,768,711,752,726,695,678,645,739,880,1331,1304]} 1. Nf3 d5 2. g3 Nf6 3. Bg2 e6 4. O-O Be7 5. d3 O-O 6. Nbd2 c5 7. e4 Nc6 8. Re1 b5 9. e5 Nd7 10. h4 Qc7 11. Qe2 Bb7 12. Nf1 Rfc8 {C00: French: Unusual White 2nd moves} 13. Bf4 {[#] LiveBook: 14 Games} (13. Bd2 b4 14. N1h2 Qd8 15. Bg5 h6 16. Bxe7 Nxe7 17. Qd2 a5 18. h5 c4 19. Nd4 Nc6 20. Nhf3 Nxd4 21. Nxd4 cxd3 22. cxd3 {1-0 (63) Nepomniachtchi,I (2751)-Dominguez Perez,L (2739) Saint Louis 2017}) 13... Bf8 $146 ({Predecessor:} 13... a5 14. N1h2 a4 15. Ng5 Nd4 16. Qd1 a3 17. b3 b4 18. Rc1 Nf8 19. h5 h6 20. Nh3 {0-1 (52) Maghsoodloo,P (2594)-Mareco,S (2632) Moscow 2018}) 14. N1h2 a5 {Black is slightly better.} 15. h5 {[#]} h6 $1 16. g4 Ne7 (16... Be7 $17) 17. g5 Nf5 18. Bh3 {next Bxf5 is good for White.} d4 19. Qd2 Qc6 20. Bg2 Qb6 21. Ng4 (21. gxh6 $11 gxh6 22. Ng4) 21... Kh7 $1 $15 22. Kh2 c4 23. Rg1 c3 (23... Rab8 {is more complex.} 24. gxh6 gxh6 25. dxc4 Rxc4 26. Bxh6 Bxh6 27. Nxh6 Bxf3 28. Bxf3 Nxe5 29. Be4 d3) 24. bxc3 Rxc3 25. gxh6 gxh6 (25... Bxf3 $1 $11 26. Bxf3 Rac8) 26. Nxd4 {[%mdl 64] Remove Defender} Nxd4 27. Qxc3 Bxg2 28. Rxg2 (28. Kxg2 $2 Bb4 $19) 28... Bb4 29. Qb2 Rg8 {White must now prevent ...Ne2.} 30. c3 {[%cal Bc2c3,Bc3b4][%mdl 32]} (30. Nxh6 Rxg2+ 31. Kxg2 Qc6+ 32. Kh2 Bc3 $19) 30... Nf3+ {[#]} (30... Qd8 $16 {was worth a try.} 31. cxd4 (31. cxb4 Qh4+ {[%mdl 64] Double Attack} 32. Kg1 Nf3+ 33. Kf1 Rxg4 $11) 31... Qh4+ 32. Kg1 Rxg4) 31. Kg3 $2 ({Stronger than} 31. Kh1 Nh4 $11) (31. Kh3 $1 $18 Qd8 32. Rg3 Qh4+ {[%mdl 64] Double Attack} 33. Kg2 Rxg4 34. Rh1 Rxg3+ 35. fxg3) 31... Nfxe5 32. Bxe5 Nxe5 33. Kh3 {White wants to mate with Nf6+.} Qd8 $2 {[%mdl 8192]} (33... Nxg4 $14 34. Rxg4 (34. cxb4 f5 $11) 34... Qc5 35. Rxg8 Bxc3) 34. cxb4 $18 {White is clearly winning.} Rxg4 35. Rxg4 Nxg4 36. Kxg4 Qg5+ 37. Kf3 Qxh5+ 38. Ke3 {Hoping for Rg1.} Qg5+ 39. Ke2 Qg4+ 40. Kd2 Qf4+ 41. Ke1 a4 42. Rc1 Qf3 43. Qd4 {Accuracy: White = 46%, Black = 38%.} 1-0